Communes du Jura Bernois - Statistiques

Statistiques générales
  • Ce quiz a été pris 455 fois
  • Le résultat moyen est 21 sur 40
Réponses sur la Carte
Les réponses sont colorées sur une échelle allant du rouge au vert en fonction du pourcentage des utilisateurs qui les ont devinées à leur premier essai. Vous pouvez retrouver ces pourcentages ci-dessous.
 
Statistiques - réponses
Habitants Commune % Correct
7 171 Moutier
93%
5 088 Saint-Imier
92%
3 471 Tavannes
88%
1 380 Court
86%
4 648 Tramelan
85%
3 825 La Neuveville
81%
1 913 Sonceboz-Sombeval
78%
1 435 Courtelary
77%
2 464 Reconvilier
70%
666 Cortébert
67%
1 957 Péry-La Heutte
67%
1 842 Corgémont
66%
937 Renan
59%
512 Cormoret
58%
1 199 Sonvilier
57%
115 Mont-Tramelan
56%
2 153 Plateau de Diesse
55%
1 264 Orvin
54%
929 Villeret
54%
532 La Ferrière
50%
786 Nods
48%
384 Grandval
47%
283 Sorvilier
47%
3 973 Valbirse
47%
348 Loveresse
44%
484 Petit-Val
44%
260 Belprahon
40%
481 Perrefitte
39%
196 Roches
39%
385 Eschert
37%
148 Saules
37%
811 Sauge
36%
546 Crémines
35%
618 Saicourt
35%
197 Corcelles
31%
34 Rebévelier
31%
234 Romont
31%
158 Champoz
29%
35 La Scheulte
29%
66 Elay
25%
Aucun quiz correspondant
Distribution des résultats
% des personnes avec chaque résultat
Percentile par nombre de réponses
Votre historique - résultats
Vous n’avez pas pris ce quiz